| 000 | 01254cai a22001815a 4500 | ||
|---|---|---|---|
| 001 | L152978 | ||
| 008 | 110519u2010 xxk g 000 0 eng d | ||
| 035 | _a(Sirsi) u152978 | ||
| 041 | 0 | _aeng | |
| 110 | 2 |
_aUnited Kingdom _bOffice of Government Commerce _95119 |
|
| 245 | 0 | 4 |
_aThe public sector construction database and the econometric model _h[electronic resource] |
| 520 | _aThe Public Sector Construction Database (PSCD) from the OGC was developed to collect data on future public sector construction programmes and projects for analysis and reporting, in a web-based and real-time format. The database aims to provide visibility of public sector demand and spending patterns in order for the demand side to take cognisance of the effect of public sector construction demands on their projects and programmes and the supply side with intelligence to inform their investment decisions. | ||
| 590 | _aKA NTK | ||
| 651 | 4 |
_aUnited Kingdom _y |
|
| 690 | _aBUILT ENVIRONMENT-CONSTRUCTION MARKET | ||
| 856 | 4 | 0 |
_uhttps://webarchive.nationalarchives.gov.uk/20100503135839/http://www.ogc.gov.uk/construction_the_public_sector_construction_database_and_the_econometric_model.asp _zView the website free of charge at www.nationalarchives.gov.uk |
| 942 | _n0 | ||
| 999 |
_c120909 _d120909 |
||